| 000 | 01727nam a2200517 i 4500 | ||
|---|---|---|---|
| 001 | 16490 | ||
| 003 | KOSZ 005 | ||
| 005 | 20191025110904.0 | ||
| 008 | 031023s1975 pl a f |000 0 pol | ||
| 015 | _aPB 1975/5057 | ||
| 035 | _a991021816789705066 | ||
| 035 | _a(PL-WaBN)b15893881-48omnis_nlop | ||
| 035 | _ab15893881 | ||
| 035 | _a(OCoLC)830528011 | ||
| 035 | _a(PL)b0000001589388 | ||
| 035 | _a(EXLNZ-48OMNIS_NETWORK)9910246894705606 | ||
| 040 |
_aWA N _cWA N _dKOSZ 005/EG |
||
| 041 | 0 | _apol | |
| 046 | _k1968 | ||
| 080 | _a664.8/.9(075) | ||
| 080 | _a(075) | ||
| 100 | 1 |
_aFrańczak, Stefan _eAutor |
|
| 245 | 1 | 0 |
_aAparatura i urządzenia techniczne w przetwórstwie owocowo-warzywnym / _cStefan Frańczak. |
| 250 | _aWyd. 3 popr. | ||
| 260 |
_aWarszawa : _bWydawnictwa Szkolne i Pedagogiczne, _c1975. |
||
| 300 |
_a205, [1] s., 2 s. tabl. : _bil. ; _c24 cm. |
||
| 336 |
_2rdacontent _aTekst _btxt |
||
| 337 |
_2rdamedia _aBez urządzenia pośredniczącego _bn |
||
| 338 |
_2rdacarrier _aWolumin _bnc |
||
| 380 | _aKsiążki | ||
| 380 | _aPublikacje dydaktyczne | ||
| 385 |
_mPoziom nauczania _aSzkoły zawodowe |
||
| 388 | _a1901-2000 | ||
| 388 | _a1945-1989 | ||
| 521 | 8 | _aDla kl. 2 zasadnieczej szkoły zawodowej. | |
| 650 | 7 |
_aOwoce _2DBN |
|
| 650 | 7 |
_aWarzywa _2DBN |
|
| 650 | 7 | _aTechnologia | |
| 655 | 7 |
_aPodręczniki dla szkół zawodowych _2DBN |
|
| 658 | _aInżynieria i technika | ||
| 658 | _aRolnictwo i leśnictwo | ||
| 710 | 2 |
_aWydawnictwa Szkolne i Pedagogiczne _4pbl |
|
| 856 |
_uhttp://koha.tu.koszalin.pl/cgi-bin/koha/opac-detail.pl?biblionumber=16490 _yKatalog online BPK |
||
| 942 |
_2UKD _cKS |
||
| 999 |
_c16490 _d16490 |
||